00511nam a2200181 a 4500001001300000003000900013005001700022008004100039020001000080082001600090100002100106245008000127260004200207300000900249500003500258505001300293650002300306nice12345678IN_TiNIC20260116013341.0050524s1993 hyda grp 000 0 eng  ac22300a954.84bASH aAshraf, S Dawood aGuide to Persian and Urdu Records Preserved in A.P. State Archives & Resear aHyderabadbA. P. State Archivesc1993 a125p aincludes index and biblioraphy2 aglossary aHyderabad-Archives